Top 50 Actors/Actresses on my Letterboxd - Statistics

General Stats
  • This quiz has been taken 82 times
  • The average score is 13 of 50
Answer Stats
Rank Hint Answer % Correct
38. 13 films Leonardo DiCaprio
84%
3. 21 films Brad Pitt
80%
2. 22 films Robert De Niro
69%
6. 19 films Tom Cruise
61%
1. 27 films Samuel L. Jackson
54%
21. 15 films Morgan Freeman
51%
15. 16 films Scarlett Johansson
51%
18. 16 films Tom Hanks
51%
31. 13 films Matt Damon
50%
32. 13 films Chris Evans
47%
7. 19 films Johnny Depp
43%
23. 14 films Harrison Ford
42%
28. 13 films Adam Sandler
36%
14. 16 films Dwayne Johnson
34%
34. 13 films Jim Carrey
34%
13. 16 films Willem Dafoe
32%
16. 16 films Mark Ruffalo
31%
25. 13 films Bradley Cooper
30%
11. 16 films Ben Stiller
28%
12. 16 films Owen Wilson
28%
20. 15 films Jake Gyllenhaal
26%
43. 12 films Liam Neeson
26%
36. 13 films Natalie Portman
24%
22. 15 films Paul Rudd
23%
8. 18 films Jonah Hill
22%
42. 12 films Matthew McConaughey
22%
5. 20 films Seth Rogen
22%
46. 12 films Bill Murray
20%
26. 13 films Jack Black
19%
29. 13 films Ralph Fiennes
19%
35. 13 films Vin Diesel
16%
30. 13 films Steve Carell
14%
9. 18 films Woody Harrelson
11%
48. 12 films J.K. Simmons
9%
40. 12 films Paul Dano
9%
17. 16 films Bill Hader
8%
27. 13 films Simon Pegg
8%
24. 14 films Anthony Daniels
7%
47. 12 films Joseph Gordon-Levitt
7%
49. 12 films Tilda Swinton
7%
41. 12 films Ken Jeong
5%
45. 12 films Kristen Wiig
4%
10. 16 films Alan Tudyk
3%
4. 21 films John Ratzenberger
3%
37. 13 films Andy Serkis
1%
39. 12 films Michael Peña
1%
19. 16 films Warwick Davis
1%
33. 13 films Conrad Vernon
0%
50. 12 films Jon Favreau
0%
44. 12 films Marisa Tomei
0%
No matching quizzes found
Score Distribution
Percent of People with Each Score
Percentile by Number Answered
Your Score History
You have not taken this quiz